000 00354nam a2200145Ia 4500
008 230917s9999||||xx |||||||||||||| ||und||
040 _e76318
_aMAIN
041 _aEnglish
082 _a658.3 S64M
100 _aSingh, Anup K
245 0 _aManagerial wisdom through tales
260 _aNew Delhi
_bExcel Books
_c1999
300 _a109 p.
942 _cBK
999 _c104660
_d104660